000 00503nam a22001457a 4500
003 macl
005 20180410143032.0
008 180410b xxu||||| |||| 00| 0 eng d
040 _cmacl
100 _aडॉ. सुधेश
_971915
245 _aसमकालीन हिन्‍दी कविता का स्‍वरूप्‍
260 _aदिल्‍ली
_bसरला प्रकाशन
_c2016
650 _aकाव्‍य समीक्षा
_948818
942 _2ddc
_cHIN
999 _c57637
_d57637